[Event "Titled Tuesday intern op 15th Nov Early"]
[Site "Chess.com INT"]
[Date "2022.11.15"]
[Round "2"]
[White "Levitan, Caleb Levi"]
[Black "Slugin, Sergey"]
[Result "0-1"]
[WhiteElo "2006"]
[BlackElo "2336"]
[PlyCount "118"]
[EventDate "2022.11.15"]
[EventType "swiss (blitz)"]
[EventRounds "11"]
[EventCountry "USA"]
[SourceTitle "CBM 211 Extra"]
[Source "ChessBase"]
[SourceDate "2023.01.31"]
[SourceVersion "1"]
[SourceVersionDate "2023.01.31"]
[SourceQuality "1"]

1. e4 e5 2. Nf3 Nc6 3. Bb5 a6 4. Ba4 d6 5. c3 g5 6. d4 g4 7. Ng1 Bg7 8. Ne2 Nge7 9. Be3 0-0 10. 0-0 f5 11. exf5 Nxf5 12. Ng3 exd4 13. Nxf5 Bxf5 14. cxd4 Qf6 15. Bxc6 bxc6 16. Nc3 Rab8 17. Qd2 h5 18. Rfe1 h4 19. Rad1 h3 20. b3 Bg6 21. Bg5 Qf5 22. Re7 Rbe8 23. Rxc7 c5 24. Be3 Re6 25. Rxg7+ Kxg7 26. Bh6+ Kh7 27. Bxf8 Qxf8 28. dxc5 dxc5 29. Nd5 hxg2 30. Nf4 Rf6 31. Nxg6 Kxg6 32. Qd3+ Kg5 33. Qg3 Rf5 34. Kxg2 Qa8+ 35. Kg1 Qe4 36. Qe3+ Qxe3 37. fxe3 Rf3 38. Rd5+ Kh4 39. Rxc5 Rxe3 40. Rc2 Kh3 41. Kf2 Rd3 42. Kg1 Rd1+ 43. Kf2 Kxh2 44. b4 Rb1 45. Ke3+ Kh3 46. a3 Rb3+ 47. Kf4 Rxa3 48. Rc6 Rf3+ 49. Ke4 Rb3 50. Rxa6 Rxb4+ 51. Ke3 Rb3+ 52. Kf2 Rb2+ 53. Kg1 Rb1+ 54. Kf2 g3+ 55. Ke2 g2 56. Rh6+ Kg3 57. Rg6+ Kh2 58. Rh6+ Kg1 59. Rg6 Rb8 0-1

[Event "Titled Tuesday intern op 18th Oct Early"]
[Site "Chess.com INT"]
[Date "2022.10.18"]
[Round "7"]
[White "Slugin, Sergey"]
[Black "Martinez Alcantara, Jose Eduardo"]
[Result "0-1"]
[WhiteElo "2336"]
[BlackElo "2599"]
[PlyCount "68"]
[EventDate "2022.10.18"]
[EventType "swiss (blitz)"]
[EventRounds "11"]
[EventCountry "USA"]
[SourceTitle "EXT 2024"]
[Source "ChessBase"]
[SourceDate "2023.10.10"]
[SourceVersion "1"]
[SourceVersionDate "2023.10.10"]
[SourceQuality "1"]

1. e4 c5 2. Nf3 d6 3. d4 cxd4 4. Nxd4 Nf6 5. Nc3 Nc6 6. Bg5 e6 7. Qd2 a6 8. 0-0-0 Bd7 9. f4 b5 10. a3 Be7 11. Bxf6 gxf6 12. Nf3 Qb6 13. Ne2 b4 14. axb4 Nxb4 15. Qd4 Qa5 16. Nc3 Rc8 17. Kd2 e5 18. Qe3 d5 19. fxe5 dxe4 20. Qxe4 f5 21. Qd4 Bc6 22. Bd3 Rg8 23. Rhg1 Rd8 24. Qf4 Qb6 25. e6 fxe6 26. h4 Nxd3 27. cxd3 Qxb2+ 28. Ke3 Bc5+ 29. Nd4 Bxd4+ 30. Qxd4 Rg3+ 31. Kf4 Rxd4+ 32. Ke5 Qxc3 33. Rb1 Qc5+ 34. Kxe6 Rg6# 0-1

[Event "Titled Tuesday intern op 18th Oct Early"]
[Site "Chess.com INT"]
[Date "2022.10.18"]
[Round "9"]
[White "Vokhidov, Shamsiddin"]
[Black "Slugin, Sergey"]
[Result "1-0"]
[WhiteElo "2568"]
[BlackElo "2336"]
[PlyCount "57"]
[EventDate "2022.10.18"]
[EventType "swiss (blitz)"]
[EventRounds "11"]
[EventCountry "USA"]
[SourceTitle "EXT 2024"]
[Source "ChessBase"]
[SourceDate "2023.10.10"]
[SourceVersion "1"]
[SourceVersionDate "2023.10.10"]
[SourceQuality "1"]

1. e4 e6 2. d4 d5 3. e5 c5 4. c3 Nc6 5. Nf3 Bd7 6. Be2 f6 7. 0-0 fxe5 8. Nxe5 Nxe5 9. dxe5 Qc7 10. c4 d4 11. Re1 0-0-0 12. Bd3 Ne7 13. Bf4 h6 14. Nd2 g5 15. Bg3 h5 16. h4 g4 17. Ne4 Nf5 18. Bf4 Bc6 19. Bg5 Be7 20. Nf6 g3 21. Bxf5 gxf2+ 22. Kxf2 exf5 23. Qd3 Bxf6 24. exf6 Be4 25. Rxe4 fxe4 26. Qxe4 Rhe8 27. Qf5+ Rd7 28. Re1 Rxe1 29. f7 1-0

[Event "Titled Tuesday intern op 11th Oct Late"]
[Site "Chess.com INT"]
[Date "2022.10.11"]
[Round "6"]
[White "Tomaszewski, Kacper"]
[Black "Slugin, Sergey"]
[Result "1-0"]
[WhiteElo "2311"]
[BlackElo "2336"]
[PlyCount "73"]
[EventDate "2022.10.11"]
[EventType "swiss (blitz)"]
[EventRounds "11"]
[EventCountry "USA"]
[SourceTitle "EXT 2024"]
[Source "ChessBase"]
[SourceDate "2023.10.10"]
[SourceVersion "1"]
[SourceVersionDate "2023.10.10"]
[SourceQuality "1"]

1. Nf3 Nf6 2. c4 e6 3. d4 d5 4. Nc3 Nbd7 5. cxd5 exd5 6. Bg5 Bb4 7. Rc1 c6 8. a3 Bxc3+ 9. Rxc3 h6 10. Bh4 g5 11. Bg3 Ne4 12. Rd3 h5 13. h4 Nxg3 14. fxg3 g4 15. Nd2 Qc7 16. e4 dxe4 17. Nxe4 Kf8 18. Be2 Nb6 19. 0-0 Be6 20. Ng5 Bd5 21. Re3 Kg7 22. Qc2 f6 23. Qf5 Raf8 24. Bxg4 Kh6 25. Bxh5 Rhg8 26. Ne6 Bxe6 27. Rxe6 Nd5 28. g4 Qg3 29. g5+ Kxh5 30. Qh7+ Kg4 31. Re4+ Nf4 32. Rexf4+ Qxf4 33. Rxf4+ Kxf4 34. g6 Re8 35. Qh5 Re1+ 36. Kf2 Rge8 37. Qf3# 1-0

[Event "Titled Tuesday intern op 09th Aug Early"]
[Site "Chess.com INT"]
[Date "2022.08.09"]
[Round "4"]
[White "Mohammed, Dilshad"]
[Black "Slugin, Sergey"]
[Result "0-1"]
[WhiteElo "2103"]
[BlackElo "2336"]
[PlyCount "120"]
[EventDate "2022.08.09"]
[EventType "swiss (blitz)"]
[EventRounds "11"]
[EventCountry "USA"]
[SourceTitle "EXT 2023"]
[Source "ChessBase"]
[SourceDate "2022.10.05"]
[SourceVersion "1"]
[SourceVersionDate "2022.10.05"]
[SourceQuality "1"]

1. Nf3 Nf6 2. c4 e6 3. g3 d5 4. cxd5 exd5 5. d4 Bd6 6. Bg2 0-0 7. 0-0 c6 8. Qc2 Re8 9. Nc3 a5 10. Bg5 h6 11. Bf4 Ne4 12. Bxd6 Qxd6 13. Nh4 Na6 14. a3 Qe7 15. e3 g5 16. Nf3 Bf5 17. Qe2 Nc7 18. Rac1 f6 19. Nxe4 Bxe4 20. Nd2 Bxg2 21. Kxg2 Ne6 22. Qh5 Kg7 23. h4 a4 24. Rh1 Rh8 25. Qg4 h5 26. Qf5 g4 27. Rcd1 Qf7 28. Nb1 Rhe8 29. Nc3 Qg6 30. Qxg6+ Kxg6 31. Rhe1 f5 32. Rc1 Re7 33. Red1 Nc7 34. Ne2 Ne8 35. Nf4+ Kh6 36. Rc3 Nd6 37. Rcd3 Nc4 38. Rb1 Ra6 39. Kf1 Rb6 40. Kg2 Rxb2 41. Rxb2 Nxb2 42. Rc3 Re8 43. Rc2 Nc4 44. Rc3 Ra8 45. Nd3 Ra5 46. Nc5 b6 47. Nd7 Rb5 48. Nb8 Rb3 49. Rc2 Rxa3 50. Nxc6 Rb3 51. Ne7 a3 52. Nxd5 b5 53. Nc3 Rb2 54. Rc1 Nxe3+ 55. Kg1 Rc2 56. Rxc2 Nxc2 57. d5 Kg6 58. d6 Kf7 59. d7 Ke7 60. Nxb5 a2 0-1

[Event "Titled Tuesday intern op 09th Aug Early"]
[Site "Chess.com INT"]
[Date "2022.08.09"]
[Round "6"]
[White "Slugin, Sergey"]
[Black "Drygalov, Sergey"]
[Result "0-1"]
[WhiteElo "2336"]
[BlackElo "2547"]
[PlyCount "120"]
[EventDate "2022.08.09"]
[EventType "swiss (blitz)"]
[EventRounds "11"]
[EventCountry "USA"]
[SourceTitle "EXT 2023"]
[Source "ChessBase"]
[SourceDate "2022.10.05"]
[SourceVersion "1"]
[SourceVersionDate "2022.10.05"]
[SourceQuality "1"]

1. c4 e5 2. Nc3 Nf6 3. Nf3 Nc6 4. e4 Bb4 5. d3 d6 6. a3 Bc5 7. b4 Bb6 8. Be3 0-0 9. Be2 Nd4 10. Na4 Nxf3+ 11. Bxf3 Bxe3 12. fxe3 c6 13. 0-0 a5 14. Qd2 b5 15. cxb5 cxb5 16. Nc3 Bd7 17. d4 Qb6 18. Be2 Bc6 19. Qd3 Rfe8 20. d5 Bd7 21. Kh1 h6 22. Rfb1 a4 23. Rc1 Rec8 24. Nd1 Rc7 25. Nf2 Rac8 26. Qd2 g6 27. Bd3 Kg7 28. Kg1 h5 29. Kf1 h4 30. h3 Nh5 31. Ke1 Ng3 32. Rxc7 Qxc7 33. Nd1 f5 34. exf5 gxf5 35. Ra2 Qb7 36. Bf1 Ne4 37. Qd3 Rc1 38. Rc2 Rxc2 39. Qxc2 Qxd5 40. Bd3 Ng3 41. Nc3 Qc6 42. Bxb5 Qb6 43. Bxd7 Qxe3+ 44. Ne2 Ne4 45. Kd1 Qf2 46. Qd3 Qxg2 47. Kc2 Qf1 48. Bb5 Qa1 49. Qe3 Qa2+ 50. Kc1 Qa1+ 51. Kc2 Qa2+ 52. Kd1 Qb1+ 53. Qc1 Qb3+ 54. Qc2 Qxh3 55. Qc7+ Kh6 56. Qd8 Qb3+ 57. Ke1 Qb1+ 58. Nc1 Qxc1+ 59. Ke2 Qd2+ 60. Kf3 Qf2# 0-1

[Event "Titled Tuesday intern op 02nd Aug Early"]
[Site "Chess.com INT"]
[Date "2022.08.02"]
[Round "8"]
[White "Cnejev, Vladimir Alexandru"]
[Black "Slugin, Sergey"]
[Result "1/2-1/2"]
[WhiteElo "2165"]
[BlackElo "2336"]
[PlyCount "59"]
[EventDate "2022.08.02"]
[EventType "swiss (blitz)"]
[EventRounds "11"]
[EventCountry "USA"]
[SourceTitle "EXT 2023"]
[Source "ChessBase"]
[SourceDate "2022.10.05"]
[SourceVersion "1"]
[SourceVersionDate "2022.10.05"]
[SourceQuality "1"]

1. e4 e5 2. Nf3 Nc6 3. Bb5 a6 4. Ba4 d6 5. 0-0 Bg4 6. c3 Qf6 7. d3 Nge7 8. Nbd2 g5 9. b4 Ng6 10. Bxc6+ bxc6 11. Qa4 Bd7 12. Nc4 Nf4 13. Bxf4 gxf4 14. d4 c5 15. Qa5 cxd4 16. cxd4 exd4 17. e5 dxe5 18. Ncxe5 Bd6 19. Rfe1 Be6 20. Nxd4 0-0 21. Nxe6 Qxe6 22. Nf3 Qf6 23. h3 Rfe8 24. Rad1 Qc3 25. a3 Qc4 26. Qg5+ Kh8 27. Qf6+ Kg8 28. Qg5+ Kh8 29. Qf6+ Kg8 30. Qg5+ 1/2-1/2

[Event "Titled Tuesday intern op 02nd Aug Early"]
[Site "Chess.com INT"]
[Date "2022.08.02"]
[Round "3"]
[White "Itkis, Boris"]
[Black "Slugin, Sergey"]
[Result "0-1"]
[WhiteElo "2337"]
[BlackElo "2336"]
[PlyCount "92"]
[EventDate "2022.08.02"]
[EventType "swiss (blitz)"]
[EventRounds "11"]
[EventCountry "USA"]
[SourceTitle "EXT 2023"]
[Source "ChessBase"]
[SourceDate "2022.10.05"]
[SourceVersion "1"]
[SourceVersionDate "2022.10.05"]
[SourceQuality "1"]

1. c4 Nf6 2. g3 e6 3. Bg2 d5 4. Nc3 d4 5. Ne4 Nxe4 6. Bxe4 Be7 7. d3 0-0 8. Bg2 c5 9. Nf3 Nc6 10. 0-0 e5 11. a3 Rb8 12. Rb1 a5 13. Ne1 Kh8 14. Nc2 f5 15. e3 Be6 16. exd4 exd4 17. Bf4 Bd6 18. Bxd6 Qxd6 19. b4 axb4 20. axb4 cxb4 21. Qd2 f4 22. Nxb4 f3 23. Bh1 Ne5 24. Rfe1 Ng4 25. Nc2 Bd7 26. Qb4 Qh6 27. h4 Bf5 28. Qb6 Qd2 29. Qxd4 Qxc2 30. Bxf3 Nf6 31. Bg2 Qxd3 32. Qxd3 Bxd3 33. Rxb7 Rxb7 34. Bxb7 Bxc4 35. Bg2 h6 36. f3 Rd8 37. Kh2 Rd2 38. Kh3 Bd5 39. Re5 Kh7 40. g4 Nd7 41. Re7 Nc5 42. g5 hxg5 43. hxg5 Kg6 44. Kg3 Ne6 45. Bh3 Nxg5 46. Bg4 Nxf3 0-1

[Event "Titled Tuesday intern op 02nd Aug Early"]
[Site "Chess.com INT"]
[Date "2022.08.02"]
[Round "4"]
[White "Melikhov, Evgeny V"]
[Black "Slugin, Sergey"]
[Result "0-1"]
[WhiteElo "2292"]
[BlackElo "2336"]
[PlyCount "62"]
[EventDate "2022.08.02"]
[EventType "swiss (blitz)"]
[EventRounds "11"]
[EventCountry "USA"]
[SourceTitle "EXT 2023"]
[Source "ChessBase"]
[SourceDate "2022.10.05"]
[SourceVersion "1"]
[SourceVersionDate "2022.10.05"]
[SourceQuality "1"]

1. d4 Nf6 2. c4 g6 3. Nc3 d5 4. Nf3 Bg7 5. e3 0-0 6. Be2 dxc4 7. Bxc4 c5 8. 0-0 cxd4 9. exd4 Nc6 10. Be3 Bf5 11. Qd2 Rc8 12. Be2 Ne4 13. Nxe4 Bxe4 14. Rad1 Qd5 15. a3 Na5 16. Rfe1 Nb3 17. Qb4 Bc2 18. Ne5 Bxd1 19. Rxd1 a5 20. Qb6 a4 21. Bf3 Qd6 22. Qxb7 Rc2 23. Qa7 Bxe5 24. dxe5 Qxe5 25. Qxa4 Qxb2 26. h4 Nd2 27. Rxd2 Rxd2 28. Bxd2 Qxd2 29. Qa7 Rc8 30. Kh2 Qf4+ 31. Kh3 Rc1 0-1

[Event "Titled Tuesday intern op 21st Jun Early"]
[Site "Chess.com INT"]
[Date "2022.06.21"]
[Round "9"]
[White "Samsonkin, Artiom"]
[Black "Slugin, Sergey"]
[Result "1-0"]
[WhiteElo "2428"]
[BlackElo "2353"]
[PlyCount "85"]
[EventDate "2022.06.21"]
[EventType "swiss (blitz)"]
[EventRounds "11"]
[EventCountry "USA"]
[SourceTitle "EXT 2023"]
[Source "ChessBase"]
[SourceDate "2022.10.05"]
[SourceVersion "1"]
[SourceVersionDate "2022.10.05"]
[SourceQuality "1"]

1. d4 Nf6 2. Nf3 g6 3. Nc3 d5 4. Bf4 Bg7 5. Qd2 0-0 6. Bh6 c5 7. Bxg7 Kxg7 8. e3 Nc6 9. Ne5 Qa5 10. a3 Bf5 11. Be2 cxd4 12. exd4 Qb6 13. g4 Nxe5 14. gxf5 Nc4 15. Bxc4 dxc4 16. 0-0-0 Qa5 17. fxg6 hxg6 18. Rde1 e6 19. h4 Rh8 20. Re5 Qb6 21. Ne4 Nxe4 22. Rxe4 Rh5 23. Qc3 Kg8 24. Qxc4 Rd8 25. c3 Qd6 26. Rhe1 b5 27. Qb4 Qc6 28. Qe7 Rd7 29. Qe8+ Kg7 30. Re5 Rxe5 31. Rxe5 Qh1+ 32. Kc2 Rc7 33. Qd8 Rc4 34. h5 Qf3 35. h6+ Kh7 36. Qf8 Qf6 37. Kb3 Rc6 38. Rxb5 a6 39. Rb8 a5 40. a4 g5 41. Rb7 Kg6 42. h7 Kxh7 43. Rxf7+ 1-0

[Event "Titled Tuesday intern op 21st Jun Early"]
[Site "Chess.com INT"]
[Date "2022.06.21"]
[Round "2"]
[White "Slugin, Sergey"]
[Black "Bortnyk, Olexandr"]
[Result "0-1"]
[WhiteElo "2353"]
[BlackElo "2604"]
[PlyCount "70"]
[EventDate "2022.06.21"]
[EventType "swiss (blitz)"]
[EventRounds "11"]
[EventCountry "USA"]
[SourceTitle "EXT 2023"]
[Source "ChessBase"]
[SourceDate "2022.10.05"]
[SourceVersion "1"]
[SourceVersionDate "2022.10.05"]
[SourceQuality "1"]

1. c4 d6 2. Nc3 e5 3. Nf3 f5 4. d4 e4 5. Ng1 g6 6. h4 Nf6 7. Bf4 Bg7 8. e3 Be6 9. Nh3 h6 10. Be2 Nbd7 11. Bg3 Bf7 12. Qb3 0-0 13. Nd5 Rb8 14. Nhf4 c6 15. Nxf6+ Nxf6 16. h5 g5 17. Ng6 Re8 18. Qc2 b5 19. c5 f4 20. exf4 e3 21. fxg5 Ne4 22. 0-0-0 Nxg3 23. fxg3 Qxg5 24. Rdf1 dxc5 25. Rf5 Qxg3 26. Rxf7 Kxf7 27. Qb3+ c4 28. Bxc4+ bxc4 29. Qxc4+ Re6 30. Rf1+ Bf6 31. Ne5+ Ke7 32. Nxc6+ Kd7 33. Nxb8+ Qxb8 34. Qd5+ Ke7 35. Re1 Qb4 0-1

[Event "Titled Tuesday intern op 21st Jun Early"]
[Site "Chess.com INT"]
[Date "2022.06.21"]
[Round "4"]
[White "Slugin, Sergey"]
[Black "Rodchenkov, Sergey D"]
[Result "0-1"]
[WhiteElo "2353"]
[BlackElo "2346"]
[PlyCount "126"]
[EventDate "2022.06.21"]
[EventType "swiss (blitz)"]
[EventRounds "11"]
[EventCountry "USA"]
[SourceTitle "EXT 2023"]
[Source "ChessBase"]
[SourceDate "2022.10.05"]
[SourceVersion "1"]
[SourceVersionDate "2022.10.05"]
[SourceQuality "1"]

1. c4 e5 2. Nc3 Nf6 3. Nf3 Nc6 4. e4 Bb4 5. d3 d6 6. a3 Bxc3+ 7. bxc3 h6 8. g3 Nh7 9. Bg2 Ng5 10. Nh4 Bh3 11. Bxh3 Nxh3 12. Qg4 Ng5 13. f4 exf4 14. gxf4 Ne6 15. d4 g5 16. Nf5 Qf6 17. e5 Qg6 18. Nxd6+ cxd6 19. f5 h5 20. Qf3 g4 21. Qf2 Qh7 22. fxe6 Qe4+ 23. Kd2 fxe6 24. Re1 Qg6 25. exd6 0-0-0 26. Qe3 Rxd6 27. c5 Rd7 28. Qxe6 Qh7 29. Qe4 Qf7 30. Qd3 Rf8 31. Kc2 Na5 32. Be3 Qb3+ 33. Kc1 Nc4 34. Qc2 Qb5 35. Bg5 Qa6 36. a4 Rdf7 37. Qe4 Rf1 38. Kc2 R1f2+ 39. Re2 Rxe2+ 40. Qxe2 Na3+ 41. Kd2 Nc4+ 42. Ke1 Qc6 43. Qxc4 Re8+ 44. Kd1 Qh1+ 45. Kc2 Qxa1 46. Qd5 Qe1 47. Qf5+ Qe6 48. Qxe6+ Rxe6 49. Kd3 Rg6 50. Bf4 h4 51. Ke2 g3 52. hxg3 h3 53. Kf1 h2 54. Kg2 Ra6 55. Kxh2 Rxa4 56. Be5 Rc4 57. Kh3 a5 58. d5 a4 59. g4 a3 60. g5 a2 61. g6 a1Q 62. g7 Qh1+ 63. Kg3 Qg1+ 0-1

[Event "Titled Tuesday intern op 07th Jun Late"]
[Site "Chess.com INT"]
[Date "2022.06.07"]
[Round "9"]
[White "Bok, Benjamin"]
[Black "Slugin, Sergey"]
[Result "1/2-1/2"]
[WhiteElo "2616"]
[BlackElo "2353"]
[PlyCount "128"]
[EventDate "2022.06.07"]
[EventType "swiss (blitz)"]
[EventRounds "11"]
[EventCountry "USA"]
[SourceTitle "CBM 208 Extra"]
[Source "ChessBase"]
[SourceDate "2022.07.31"]
[SourceVersion "1"]
[SourceVersionDate "2022.07.31"]
[SourceQuality "1"]

1. d4 Nf6 2. c4 g6 3. g3 c6 4. Nf3 Bg7 5. Bg2 0-0 6. 0-0 d5 7. b3 dxc4 8. bxc4 c5 9. Bb2 cxd4 10. Nxd4 Qb6 11. Qb3 Nfd7 12. e3 e5 13. Nb5 Nc5 14. Qa3 Be6 15. Nd2 Rd8 16. Bc3 Rd7 17. Rfb1 Bf5 18. Rb2 Nd3 19. Rb3 Nc5 20. Ba5 Qa6 21. Nc7 Rxc7 22. Bxc7 Nxb3 23. Qxb3 Nc6 24. Ne4 Bxe4 25. Bxe4 Rc8 26. Bd6 Na5 27. Qb5 Nxc4 28. Qxa6 bxa6 29. Bb4 a5 30. Be1 Nd6 31. Bd5 Rc5 32. e4 Bh6 33. Rb1 Kg7 34. Kg2 a4 35. Rb8 Rb5 36. Rd8 Rb6 37. Ba5 Rb5 38. Bc7 Nc4 39. Bxc4 Rc5 40. Rd7 Rxc4 41. Bxe5+ Kf8 42. Kf3 Bg5 43. Rxa7 h5 44. h4 Bc1 45. Bf6 Ke8 46. e5 a3 47. Re7+ Kf8 48. Rd7 Rc8 49. Rd8+ Rxd8 50. Bxd8 Ke8 51. Ba5 Kd7 52. Ke4 Kc6 53. Bb4 Kb5 54. Bd6 Kc4 55. f4 Kc3 56. f5 gxf5+ 57. Kxf5 Kb2 58. e6 fxe6+ 59. Kxe6 Kxa2 60. Kf5 Kb3 61. Bxa3 Bxa3 62. Kg5 Bd6 63. Kxh5 Bxg3 64. Kg5 Bxh4+ 1/2-1/2

[Event "Titled Tuesday intern op 07th Jun Late"]
[Site "Chess.com INT"]
[Date "2022.06.07"]
[Round "4"]
[White "Bortnyk, Mykola"]
[Black "Slugin, Sergey"]
[Result "1-0"]
[WhiteElo "2465"]
[BlackElo "2353"]
[PlyCount "41"]
[EventDate "2022.06.07"]
[EventType "swiss (blitz)"]
[EventRounds "11"]
[EventCountry "USA"]
[SourceTitle "CBM 208 Extra"]
[Source "ChessBase"]
[SourceDate "2022.07.31"]
[SourceVersion "1"]
[SourceVersionDate "2022.07.31"]
[SourceQuality "1"]

1. e4 e5 2. Nf3 Nc6 3. Bc4 Bc5 4. b4 Bxb4 5. c3 Ba5 6. d4 d6 7. 0-0 Bg4 8. Bb5 a6 9. Bxc6+ bxc6 10. dxe5 Ne7 11. Ba3 Bxf3 12. Qxf3 0-0 13. Rd1 d5 14. exd5 cxd5 15. Bxe7 Qxe7 16. Rxd5 Bb6 17. Nd2 c6 18. Rd6 Qxe5 19. Rxc6 Ba5 20. Nb3 Rfc8 21. Rc5 1-0

[Event "Titled Tuesday intern op 07th Jun Early"]
[Site "Chess.com INT"]
[Date "2022.06.07"]
[Round "5"]
[White "Matinian, Nikita"]
[Black "Slugin, Sergey"]
[Result "0-1"]
[WhiteElo "2435"]
[BlackElo "2353"]
[PlyCount "68"]
[EventDate "2022.06.07"]
[EventType "swiss (blitz)"]
[EventRounds "11"]
[EventCountry "USA"]
[SourceTitle "CBM 208 Extra"]
[Source "ChessBase"]
[SourceDate "2022.07.31"]
[SourceVersion "1"]
[SourceVersionDate "2022.07.31"]
[SourceQuality "1"]

1. e4 e5 2. Nf3 Nc6 3. Bb5 a6 4. Ba4 d6 5. Bxc6+ bxc6 6. d4 f6 7. Nc3 g6 8. Qd3 Be6 9. Be3 Bg7 10. 0-0-0 Ne7 11. dxe5 fxe5 12. Ng5 Bg8 13. f4 exf4 14. Bxf4 Qd7 15. e5 Qf5 16. exd6 Qxf4+ 17. Kb1 cxd6 18. Rhe1 Qxg5 19. Qxd6 Bd5 20. Rxd5 cxd5 21. Qc6+ Kf7 22. Qe6+ Kf8 23. Rf1+ Ke8 24. Qf7+ Kd7 25. Qxg7 Rhg8 26. Qxh7 Rgf8 27. Rd1 Kc6 28. Qh3 Qe5 29. a3 d4 30. Na2 a5 31. c3 Qf5+ 32. Qxf5 Nxf5 33. cxd4 Rad8 34. Rc1+ Kb6 0-1

[Event "Titled Tuesday intern op 07th Jun Late"]
[Site "Chess.com INT"]
[Date "2022.06.07"]
[Round "5"]
[White "Slugin, Sergey"]
[Black "Boydia, Sidi"]
[Result "1-0"]
[WhiteElo "2353"]
[BlackElo "1997"]
[PlyCount "79"]
[EventDate "2022.06.07"]
[EventType "swiss (blitz)"]
[EventRounds "11"]
[EventCountry "USA"]
[SourceTitle "CBM 208 Extra"]
[Source "ChessBase"]
[SourceDate "2022.07.31"]
[SourceVersion "1"]
[SourceVersionDate "2022.07.31"]
[SourceQuality "1"]

1. c4 c6 2. Nf3 d5 3. e3 Nf6 4. d4 e6 5. b3 Nbd7 6. Bb2 Bd6 7. Nbd2 0-0 8. Bd3 Qe7 9. Ne5 Re8 10. 0-0 Nf8 11. f4 N6d7 12. e4 f6 13. Nxd7 Bxd7 14. Re1 Qf7 15. e5 Bb4 16. Rf1 f5 17. Nf3 Be7 18. Qc1 Qh5 19. Ba3 Bxa3 20. Qxa3 Ng6 21. g3 Qg4 22. Be2 Nxf4 23. Bd1 Ng6 24. Qb2 f4 25. Nh4 Qg5 26. Nxg6 fxg3 27. Nf4 Rf8 28. hxg3 Qxg3+ 29. Ng2 Rxf1+ 30. Kxf1 Rf8+ 31. Kg1 Rf4 32. Qd2 Rh4 33. Be2 Rh6 34. Rf1 Rg6 35. Bf3 Be8 36. Qf2 Qg5 37. cxd5 cxd5 38. Be4 h5 39. Bxg6 Bxg6 40. Qf4 1-0

[Event "Titled Tuesday intern op 07th Jun Early"]
[Site "Chess.com INT"]
[Date "2022.06.07"]
[Round "4"]
[White "Slugin, Sergey"]
[Black "Riehle, Marco"]
[Result "1-0"]
[WhiteElo "2353"]
[BlackElo "2353"]
[PlyCount "65"]
[EventDate "2022.06.07"]
[EventType "swiss (blitz)"]
[EventRounds "11"]
[EventCountry "USA"]
[SourceTitle "CBM 208 Extra"]
[Source "ChessBase"]
[SourceDate "2022.07.31"]
[SourceVersion "1"]
[SourceVersionDate "2022.07.31"]
[SourceQuality "1"]

1. c4 e6 2. Nf3 d5 3. d4 Nf6 4. g3 dxc4 5. Bg2 Nc6 6. Qa4 Bb4+ 7. Bd2 Nd5 8. Bxb4 Ndxb4 9. Na3 a6 10. Ne5 Bd7 11. Nxd7 Qxd7 12. 0-0 0-0 13. Nxc4 Qxd4 14. Qb3 b5 15. Ne3 Rad8 16. a3 Nd5 17. Rfd1 Qb6 18. Bxd5 exd5 19. Nxd5 Qb7 20. Rac1 Na5 21. Ne7+ Kh8 22. Qxf7 Nc4 23. Rd7 Qe4 24. Nc6 Rg8 25. Rxd8 Rxd8 26. Nxd8 h6 27. Ne6 Qe5 28. Qe8+ Kh7 29. Nf8+ Kg8 30. Qxe5 Nxe5 31. Ne6 Kf7 32. Nxc7 Kf6 33. Nxa6 1-0

[Event "Titled Tuesday intern op 17th May Early"]
[Site "Chess.com INT"]
[Date "2022.05.17"]
[Round "2"]
[White "Svane, Rasmus"]
[Black "Slugin, Sergey"]
[Result "1-0"]
[WhiteElo "2651"]
[BlackElo "2353"]
[PlyCount "109"]
[EventDate "2022.05.17"]
[EventType "swiss (blitz)"]
[EventRounds "11"]
[EventCountry "USA"]
[SourceTitle "CBM 208 Extra"]
[Source "ChessBase"]
[SourceDate "2022.07.31"]
[SourceVersion "1"]
[SourceVersionDate "2022.07.31"]
[SourceQuality "1"]

1. Nf3 Nf6 2. g3 g6 3. Bg2 Bg7 4. 0-0 0-0 5. d4 d5 6. c4 Nc6 7. cxd5 Nxd5 8. Nc3 e5 9. Bg5 Nxc3 10. bxc3 Qd6 11. d5 Ne7 12. e4 Bg4 13. Qb3 Bxf3 14. Bxf3 Rab8 15. Bg2 c5 16. a4 h6 17. Bxe7 Qxe7 18. a5 Qd6 19. Qc4 f5 20. Rab1 f4 21. Bh3 h5 22. Rb5 b6 23. axb6 axb6 24. Rb2 Kh7 25. Qb5 Rf6 26. Qd7 fxg3 27. hxg3 Qxd7 28. Bxd7 Rf3 29. Rfb1 Rxc3 30. Rxb6 Rxb6 31. Rxb6 Rf3 32. Rc6 Bf8 33. Be8 g5 34. Bxh5 Rd3 35. Bg6+ Kg7 36. Bf5 Rd4 37. Kf1 c4 38. Ke2 Bb4 39. Rc7+ Kf8 40. Be6 c3 41. Ke3 Rd2 42. Rc4 Ba5 43. f4 gxf4+ 44. gxf4 Bb6+ 45. Kf3 Rf2+ 46. Kg3 exf4+ 47. Kg4 c2 48. d6 Be3 49. Rc8+ Kg7 50. d7 c1Q 51. Rxc1 Bxc1 52. d8Q Rg2+ 53. Kf5 f3 54. Qg8+ Kh6 55. Qh8# 1-0

[Event "Titled Tuesday intern op 15 Mar Early"]
[Site "Chess.com INT"]
[Date "2022.03.15"]
[Round "8"]
[White "Avazkhonov, Alikhon"]
[Black "Slugin, Sergey"]
[Result "0-1"]
[WhiteElo "1538"]
[BlackElo "2353"]
[PlyCount "78"]
[EventDate "2022.03.15"]
[EventType "swiss (blitz)"]
[EventRounds "11"]
[EventCountry "USA"]
[SourceTitle "CBM 207 Extra"]
[Source "ChessBase"]
[SourceDate "2022.05.31"]
[SourceVersion "1"]
[SourceVersionDate "2022.05.31"]
[SourceQuality "1"]

1. c4 Nf6 2. Nc3 c5 3. g3 g6 4. Bg2 Bg7 5. e4 0-0 6. Nge2 Nc6 7. 0-0 d6 8. d3 Rb8 9. f4 a6 10. h3 Ne8 11. Be3 b5 12. Qd2 Nd4 13. Rac1 bxc4 14. dxc4 Nxe2+ 15. Qxe2 Nc7 16. b3 Ne6 17. Rfd1 Nd4 18. Qf2 h5 19. Rd2 e6 20. Rcd1 f5 21. e5 dxe5 22. fxe5 Bxe5 23. Na4 Qe7 24. Nxc5 Qxc5 25. Rxd4 Qc7 26. Bf4 Bxd4 27. Qxd4 Qb6 28. Bxb8 Qxb8 29. Qd6 Qa7+ 30. Kh2 h4 31. gxh4 f4 32. c5 f3 33. Bf1 Qf7 34. Bd3 f2 35. Qg3 Kh8 36. Bxg6 Qf6 37. Bd3 Rg8 38. Qe3 Bb7 39. Be4 Qe5+ 0-1

[Event "Titled Tuesday intern op 15 Mar Early"]
[Site "Chess.com INT"]
[Date "2022.03.15"]
[Round "5"]
[White "Wong, Yinn Long"]
[Black "Slugin, Sergey"]
[Result "1-0"]
[WhiteElo "2381"]
[BlackElo "2353"]
[PlyCount "67"]
[EventDate "2022.03.15"]
[EventType "swiss (blitz)"]
[EventRounds "11"]
[EventCountry "USA"]
[SourceTitle "CBM 207 Extra"]
[Source "ChessBase"]
[SourceDate "2022.05.31"]
[SourceVersion "1"]
[SourceVersionDate "2022.05.31"]
[SourceQuality "1"]

1. Nf3 Nf6 2. b3 g6 3. Bb2 Bg7 4. e3 d5 5. d4 0-0 6. c4 dxc4 7. Bxc4 Nc6 8. 0-0 e5 9. dxe5 Ng4 10. Nc3 Ngxe5 11. Be2 Bf5 12. Nxe5 Nxe5 13. e4 Be6 14. Na4 b6 15. f4 Nc6 16. e5 Qxd1 17. Rfxd1 Rad8 18. Bf3 Rxd1+ 19. Rxd1 Rd8 20. Rxd8+ Nxd8 21. Nc3 f6 22. Nb5 fxe5 23. fxe5 c6 24. Nxa7 Bd7 25. b4 Kf7 26. Bd4 b5 27. Kf2 Ne6 28. Bc3 c5 29. bxc5 Nxc5 30. Nc6 Bxc6 31. Bxc6 b4 32. e6+ Kf8 33. Bxg7+ Kxg7 34. e7 1-0